| 000 | 00748cam a2200253 i 4500 | ||
|---|---|---|---|
| 001 | 200448701 | ||
| 999 |
_c200448701 _d66913 |
||
| 003 | TR-AnTOB | ||
| 005 | 20240917090252.0 | ||
| 007 | ta | ||
| 008 | 220426s1996 000 0 tur d | ||
| 040 |
_aTR-AnTOB _beng _erda _cTR-AnTOB |
||
| 041 | 0 | _atur | |
| 050 | 1 | 4 |
_aHC493.S57 _bS58 1996 |
| 090 |
_aTOBBK HC493.S57 _bS58 1996 |
||
| 245 | _aŞanlıurfa Uygun yatırım alanları araştırması. | ||
| 264 | 1 |
_aAnkara : _bTürkiye Kalkınma Bankası, _c1996. |
|
| 300 |
_a54 pages ; _c29 cm |
||
| 336 |
_atext _btxt _2rdacontent |
||
| 337 |
_aunmediated _bn _2rdamedia |
||
| 338 |
_avolume _bnc _2rdacarrier |
||
| 651 | 0 |
_aŞanlıurfa İli (Turkey) _xEconomic conditions _965029 |
|
| 942 |
_2z _cBK |
||